Имена историјских личности #1 - Statistics

General Stats
  • This quiz has been taken 637 times
  • The average score is 22 of 30
Answer Stats
Име Презиме % Correct
Никола Тесла
97%
Исак Њутн
94%
Џорџ Вашингтон
93%
Леонардо да Винчи
93%
Адолф Хитлер
92%
Алберт Ајнштајн
92%
Вилијам Шекспир
91%
Кристифор Колумбо
91%
Зоран Ђинђић
91%
Винстон Черчил
89%
Абрахам Линколн
89%
Наполеон Бонапарта
88%
Лав Толстој
85%
Лудвиг ван Бетовен
83%
Чарлс Дарвин
83%
Волфганг Моцарт
82%
Винсент ван Гог
77%
Виктор Иго
74%
Јосиф Стаљин
73%
Бенито Мусолини
72%
Маргарет Тачер
69%
Нелсон Мандела
69%
Владимир Лењин
61%
Рене Декарт
58%
Индира Ганди
45%
Александар Дима
45%
Двајт Ајзенхауер
32%
Симон Боливар
28%
Мохандас Ганди
22%
Ернандо де Сото
5%
No matching quizzes found
Score Distribution
Percent of People with Each Score
Percentile by Number Answered
Your Score History
You have not taken this quiz